La psicología de los sentimientos

Na minha lista:
Detalhes bibliográficos
Principais autores: Ribot, Theodule (Autor), Rubio, Ricardo (Autor)
Formato: Livro
Idioma:espanhol
Publicado em: Madrid Fernando Fé 1900
Assuntos:
Tags: Adicionar Tag
Sem tags, seja o primeiro a adicionar uma tag!

MARC

LEADER 00000nam a2200000 a 4500
001 UCY6519
003 CL-VaPUC
008 950526e19000000SP |||||||||||||||||spa|d
082 0 4 |a 152.4  |b RIB  |2 21 
100 0 |a Ribot, Theodule  |e author  |9 336487 
700 0 |a Rubio, Ricardo  |e author  |9 336488 
245 1 3 |a La psicología de los sentimientos 
300 |a 564 p 
942 |c BK 
945 |d 19950526 00:00:00  |a cmena 
260 |a Madrid  |b Fernando Fé  |c 1900 
650 0 |a Psicología   |9 257863 
650 0 |a Emociones   |9 265224 
650 7 |a PSICOLOGIA AFECTIVA  |2 CL-VaPUC  |9 336489 
650 7 |a INVESTIGACION PSICOLOGICA  |2 CL-VaPUC  |9 309030 
650 0 |a Desarrollo afectivo  |9 334359 
650 0 |a Felicidad  |9 257029 
650 7 |a PENA  |2 CL-VaPUC  |9 336490 
650 0 |a Miedo   |9 307306 
650 0 |a Ira  |9 317589 
650 0 |a Trastornos emocionales   |9 307307 
650 0 |a Psicología fisiológica  |9 309849 
650 7 |a PLACER  |2 CL-VaPUC  |9 321616 
650 0 |a Dolor  |9 313052 
650 0 |a Psicología clínica  |9 307259 
650 0 |a Memoria  |9 266549 
650 0 |a Percepción   |9 266750 
650 0 |a Procesos mentales superiores  |9 330839 
650 0 |a Ego  |9 310449 
650 0 |a Psicología social   |9 222894 
650 0 |a Conceptos morales   |9 310606 
650 0 |a Religión   |9 255164 
650 0 |a Aprendizaje   |9 254827 
650 0 |a Identidad   |9 336178 
583 |a last modification  |c 19950526 00:00:00  |k Rodrigo Vera 
999 |c 234080  |d 234078 
952 |0 0  |1 0  |4 0  |6 152_400000000000000_RIB_1900  |7 0  |8 P  |9 240050  |a BIBEDU  |b BIBEDU  |c BIBEDU_PB  |d 2019-11-18  |i 151069K  |o 152.4 RIB 1900  |p 151069K  |r 2024-01-25  |w 2019-11-18  |y BK  |k EDU